[Event "16th Dubai Open 2014"]
[Site "Dubai UAE"]
[Date "2014.04.09"]
[Round "3.22"]
[White "Rahman, Ziaur"]
[Black "Prince, Bajaj"]
[Result "1-0"]
[WhiteElo "2513"]
[BlackElo "2319"]
[PlyCount "73"]
[EventDate "2014.04.07"]

1. d4 Nf6 2. Bg5 g6 3. Bxf6 exf6 4. c4 Bg7 5. Nc3 f5 6. e3 O-O 7. g3 d6 8. Bg2
c5 9. Nge2 cxd4 10. Nxd4 Nc6 11. Nde2 Be6 12. b3 Qa5 13. Rc1 Nb4 14. O-O Nxa2
15. Nxa2 Qxa2 16. Nf4 Qa3 17. Rb1 Qb4 18. Bd5 Bxd5 19. Nxd5 Qc5 20. Qd3 a5 21.
b4 axb4 22. Rxb4 Rfe8 23. Rxb7 Ra4 24. Rc7 Qa3 25. Qb1 Ra7 26. Qb5 Rea8 27.
Ne7+ Kf8 28. Nd5 Kg8 29. Rd1 Rxc7 30. Nxc7 Rd8 31. c5 Bf8 32. c6 Rc8 33. Qb7
Qa4 34. Rf1 Rd8 35. Nd5 Qa8 36. Qxa8 Rxa8 37. Rc1 1-0

[Event "16th Dubai Open 2014"]
[Site "Dubai UAE"]
[Date "2014.04.09"]
[Round "3.23"]
[White "Petrosian, Tigran L"]
[Black "Raes, Abdul Kader"]
[Result "1-0"]
[WhiteElo "2627"]
[BlackElo "2248"]
[PlyCount "99"]
[EventDate "2014.04.07"]

1. Nf3 d5 2. g3 Nf6 3. Bg2 c6 4. c4 Bf5 5. cxd5 cxd5 6. Qb3 Nbd7 7. Nc3 Qb6 8.
Qxb6 Nxb6 9. Nb5 Kd8 10. d3 a6 11. Nbd4 Bg6 12. Bd2 Nbd7 13. Rc1 e6 14. Ba5+
Ke8 15. O-O Bd6 16. Rc2 Ke7 17. Rfc1 h6 18. Nb3 Rhe8 19. Bc7 Bh5 20. Nfd4 Bxc7
21. Rxc7 b6 22. h3 Kf8 23. g4 Bg6 24. f4 e5 25. f5 exd4 26. fxg6 fxg6 27. Nxd4
Re7 28. Rc8+ Rxc8 29. Rxc8+ Kf7 30. b4 Ne5 31. Rb8 a5 32. Rxb6 axb4 33. Rxb4
Ra7 34. a4 Ke7 35. Kf2 Kd7 36. Nb3 Nc6 37. Rb5 Kd6 38. a5 g5 39. Ke3 g6 40. Bf3
h5 41. d4 h4 42. Kd3 Kc7 43. e3 Ra6 44. Kc3 Na7 45. Rc5+ Kd6 46. Kb4 Rc6 47.
Rxc6+ Nxc6+ 48. Kb5 Nd7 49. Nc5 Ndb8 50. Kb6 1-0

[Event "16th Dubai Open 2014"]
[Site "Dubai UAE"]
[Date "2014.04.09"]
[Round "3.24"]
[White "Derakhshani, Dorsa"]
[Black "Jones, Gawain C B"]
[Result "0-1"]
[WhiteElo "2154"]
[BlackElo "2650"]
[PlyCount "56"]
[EventDate "2014.04.07"]

1. e4 c5 2. Nf3 d6 3. d4 cxd4 4. Nxd4 Nf6 5. Nc3 g6 6. Be3 Bg7 7. f3 O-O 8. Qd2
Nc6 9. g4 Be6 10. Nxe6 fxe6 11. O-O-O Ne5 12. Be2 Qa5 13. Kb1 Rac8 14. Nb5 Qxd2
15. Rxd2 a6 16. Nd4 Kf7 17. b3 Rc3 18. Bf2 Nexg4 19. Bc4 Rxc4 20. bxc4 Bh6 21.
Re2 Nxf2 22. Rxf2 Be3 23. Nxe6 Kxe6 24. Re2 Bf4 25. Kb2 Nd7 26. Rb1 Be5+ 27.
Kc1 Rxf3 28. Rxb7 Bc3 0-1

[Event "16th Dubai Open 2014"]
[Site "Dubai UAE"]
[Date "2014.04.09"]
[Round "3.25"]
[White "Bogner, Sebastian"]
[Black "Basil, Alshouha"]
[Result "1-0"]
[WhiteElo "2587"]
[BlackElo "2160"]
[PlyCount "103"]
[EventDate "2014.04.07"]

1. Nf3 d5 2. c4 e6 3. g3 Nf6 4. Bg2 Be7 5. O-O O-O 6. b3 a5 7. Nc3 Nbd7 8. d4
Re8 9. Qc2 Nb6 10. c5 Nbd7 11. e4 dxe4 12. Nxe4 Nd5 13. Neg5 g6 14. Re1 Bf6 15.
h4 Nb4 16. Qc3 Bg7 17. a3 Nd5 18. Qc4 h6 19. Ne4 b6 20. Bd2 Ba6 21. Qc1 Kh7 22.
Qc2 Rb8 23. c6 N7f6 24. Ne5 Nxe4 25. Bxe4 f5 26. Bf3 Qd6 27. h5 g5 28. g4 Kg8
29. gxf5 exf5 30. Qxf5 Rf8 31. Nf7 Ne7 32. Nxd6 Nxf5 33. Nxf5 Rxf5 34. Bg4 Rff8
35. Bc3 Rf4 36. Be6+ Kh8 37. Rad1 Rbf8 38. Rd2 g4 39. Re3 Bb5 40. d5 Bxc3 41.
Rxc3 Rd8 42. d6 Rxd6 43. Rxd6 cxd6 44. c7 Ba6 45. c8=Q+ Bxc8 46. Rxc8+ Kg7 47.
Rc4 Rxc4 48. bxc4 Kf6 49. Bxg4 Ke5 50. Kg2 Kf4 51. Bd7 Ke5 52. Kf3 1-0

[Event "16th Dubai Open 2014"]
[Site "Dubai UAE"]
[Date "2014.04.09"]
[Round "3.26"]
[White "Mastrovasilis, Athanasios"]
[Black "Fries, Frederik"]
[Result "1-0"]
[WhiteElo "2535"]
[BlackElo "2154"]
[PlyCount "63"]
[EventDate "2014.04.07"]

1. Nf3 d5 2. g3 Nf6 3. Bg2 c6 4. O-O Bf5 5. c4 e6 6. cxd5 exd5 7. d3 Be7 8. Nc3
O-O 9. Qc2 h6 10. e4 Bh7 11. Qe2 Re8 12. e5 Bb4 13. Qd1 Nfd7 14. d4 f6 15. Qb3
Qb6 16. Na4 Qa5 17. a3 Be7 18. Bd2 Qa6 19. Rfe1 fxe5 20. Bf1 b5 21. Nc3 Qb7 22.
Bg2 e4 23. Nxe4 Bxe4 24. Rxe4 Nf6 25. Re6 Nbd7 26. Ne5 Rac8 27. Rxc6 Nb6 28.
Qxb5 Rxc6 29. Qxc6 Qxc6 30. Nxc6 Nc4 31. Bc3 Bd6 32. Nxa7 1-0

[Event "16th Dubai Open 2014"]
[Site "Dubai UAE"]
[Date "2014.04.09"]
[Round "3.27"]
[White "Nadir, Samir"]
[Black "Dizdar, Goran"]
[Result "0-1"]
[WhiteElo "2133"]
[BlackElo "2513"]
[PlyCount "72"]
[EventDate "2014.04.07"]

1. d4 Nf6 2. c4 e6 3. Nf3 Bb4+ 4. Bd2 c5 5. e3 b6 6. Bxb4 cxb4 7. Bd3 Bb7 8. a3
bxa3 9. Rxa3 O-O 10. O-O Nc6 11. Nbd2 d6 12. Nh4 d5 13. cxd5 Nxd5 14. Qh5 Nf6
15. Qg5 Qe7 16. Nhf3 Rfd8 17. Rc1 Rac8 18. Rac3 h6 19. Qh4 Qb4 20. Rb3 Qf8 21.
Ra1 Nb4 22. Bf1 a6 23. Ne5 b5 24. Nd3 Nxd3 25. Bxd3 Qd6 26. f4 Rc7 27. Rc3 Rdc8
28. Rxc7 Rxc7 29. Qf2 Qb4 30. Rb1 a5 31. h3 a4 32. f5 exf5 33. Bxf5 Re7 34. Nf1
Qc4 35. Qd2 Qd5 36. Ng3 Rxe3 0-1

[Event "16th Dubai Open 2014"]
[Site "Dubai UAE"]
[Date "2014.04.09"]
[Round "3.28"]
[White "Kostenko, Petr"]
[Black "Osman, Abdelgadir"]
[Result "1-0"]
[WhiteElo "2506"]
[BlackElo "2153"]
[PlyCount "61"]
[EventDate "2014.04.07"]

1. e4 e5 2. Nf3 Nc6 3. Bb5 a6 4. Ba4 Nf6 5. O-O Be7 6. d3 b5 7. Bb3 d6 8. c3
O-O 9. Nbd2 h6 10. Re1 Re8 11. Nf1 Bf8 12. Ng3 d5 13. exd5 Nxd5 14. d4 Nf4 15.
Nxe5 Nxe5 16. Bxf4 Nc4 17. Qf3 Be6 18. h3 Qd7 19. Bc2 Nxb2 20. Be4 Rad8 21. Nh5
Bd5 22. Qg3 Qc6 23. Bc2 Kh8 24. Bxc7 Rxe1+ 25. Rxe1 Rc8 26. Be5 f6 27. Qg6 Bg8
28. Bxf6 gxf6 29. Re7 f5 30. Nf6 Bxe7 31. Qxh6+ 1-0

[Event "16th Dubai Open 2014"]
[Site "Dubai UAE"]
[Date "2014.04.09"]
[Round "3.29"]
[White "Nimmy, A.G."]
[Black "Demuth, Adrien"]
[Result "0-1"]
[WhiteElo "2116"]
[BlackElo "2482"]
[PlyCount "68"]
[EventDate "2014.04.07"]

1. e4 c5 2. Nf3 Nc6 3. d4 cxd4 4. Nxd4 Nf6 5. Nc3 d6 6. Be3 Ng4 7. Bb5 Nxe3 8.
fxe3 Bd7 9. O-O e6 10. Bxc6 bxc6 11. Qf3 Qf6 12. Qe2 Qg5 13. Rf3 Be7 14. Rg3
Qe5 15. Nf3 Qa5 16. Rxg7 Bf6 17. Rg3 Rb8 18. e5 Bxe5 19. Nxe5 Qxe5 20. Qf3 Rxb2
21. Ne4 Ke7 22. Rf1 f5 23. Qh5 fxe4 24. Rf7+ Kd8 25. Qh4+ Kc8 26. Rgg7 Rb7 27.
h3 h6 28. Qg4 Rd8 29. Qe2 Rb1+ 30. Kf2 Qb5 31. Qd2 Rf1+ 32. Kg3 Qe5+ 33. Kh4
Rxf7 34. Rg4 Rf5 0-1

[Event "16th Dubai Open 2014"]
[Site "Dubai UAE"]
[Date "2014.04.09"]
[Round "3.30"]
[White "Vakhidov, Jahongir"]
[Black "Mona, Khaled"]
[Result "1-0"]
[WhiteElo "2472"]
[BlackElo "2140"]
[PlyCount "53"]
[EventDate "2014.04.07"]

1. c4 Nf6 2. Nc3 g6 3. g3 Bg7 4. Bg2 c6 5. e4 d6 6. Nge2 e5 7. d4 Qe7 8. O-O
O-O 9. h3 a6 10. d5 c5 11. Be3 h6 12. Qd2 Kh7 13. a4 Ng8 14. Rae1 f5 15. f4
fxe4 16. fxe5 Rxf1+ 17. Rxf1 Qxe5 18. Bf4 Qe7 19. Nxe4 Bxh3 20. Bxd6 Qe8 21.
Bxh3 Qxe4 22. Rf7 Qe8 23. Be6 Nf6 24. Bf8 Qxf8 25. Rxf8 Bxf8 26. Qf4 Bg7 27.
Qc7 1-0

[Event "16th Dubai Open 2014"]
[Site "Dubai UAE"]
[Date "2014.04.09"]
[Round "3.31"]
[White "Ashwin, Jayaram"]
[Black "Nishant, Malhotra"]
[Result "1-0"]
[WhiteElo "2454"]
[BlackElo "2118"]
[PlyCount "91"]
[EventDate "2014.04.07"]

1. d4 Nf6 2. c4 g6 3. g3 d5 4. cxd5 Nxd5 5. Bg2 Bg7 6. Nf3 O-O 7. O-O Nc6 8.
Nc3 Nb6 9. e3 Re8 10. Nh4 a5 11. f4 a4 12. Rf2 Bd7 13. Ne4 Na5 14. Nc5 Bc6 15.
Nf3 Nac4 16. Qc2 e6 17. Bf1 Nd6 18. Ne5 Nf5 19. Nxc6 bxc6 20. Bd2 h5 21. Re1
Nh6 22. Bg2 Nd5 23. Nd3 Ng4 24. Rfe2 Ra6 25. Nc5 Ra7 26. Nxa4 Qa8 27. b3 Rd8
28. Bf3 Ngxe3 29. Bxe3 Nxe3 30. Rxe3 Bxd4 31. Qxc6 Qb8 32. Kg2 Bxe3 33. Rxe3
Qb4 34. Re2 h4 35. Qc2 Qd4 36. Nc5 c6 37. Ne4 e5 38. Rd2 Qb6 39. fxe5 Rda8 40.
a4 Ra5 41. Qc3 Rb8 42. Nf6+ Kg7 43. e6 Rc5 44. Ne8+ Kh6 45. Qh8+ Kg5 46. Qxh4+
1-0

[Event "16th Dubai Open 2014"]
[Site "Dubai UAE"]
[Date "2014.04.09"]
[Round "3.32"]
[White "Swapnil, S. Dhopade"]
[Black "Marcos, Marvin"]
[Result "1-0"]
[WhiteElo "2438"]
[BlackElo "2111"]
[PlyCount "69"]
[EventDate "2014.04.07"]

1. d4 d5 2. c4 c6 3. Nc3 Nf6 4. Bg5 Ne4 5. Nxe4 dxe4 6. Qd2 h6 7. Bf4 a5 8. a3
Bf5 9. e3 Nd7 10. Ne2 g5 11. Bg3 Bg7 12. Nc3 e5 13. Be2 Qb6 14. c5 Qd8 15. Rd1
Qe7 16. b4 O-O 17. d5 Rfd8 18. O-O Bg6 19. Bc4 Kh8 20. dxc6 Nb6 21. Qe2 Nxc4
22. cxb7 Qxb7 23. Qxc4 f5 24. c6 Qe7 25. c7 Rdc8 26. Nd5 Qd6 27. b5 Bf7 28. b6
Bxd5 29. Qxd5 Qxb6 30. Bxe5 Qg6 31. Qxa8 Rxa8 32. Rd8+ Qe8 33. Rxe8+ Rxe8 34.
Rd1 Bxe5 35. Rd8 1-0

[Event "16th Dubai Open 2014"]
[Site "Dubai UAE"]
[Date "2014.04.09"]
[Round "3.33"]
[White "Siva, Mahadevan"]
[Black "Pourramezanali, Amirreza"]
[Result "0-1"]
[WhiteElo "2105"]
[BlackElo "2435"]
[PlyCount "60"]
[EventDate "2014.04.07"]

1. e4 e6 2. d4 d5 3. Nd2 Nf6 4. e5 Nfd7 5. c3 c5 6. Bd3 Nc6 7. Ngf3 Be7 8. O-O
O-O 9. Re1 f6 10. exf6 Nxf6 11. dxc5 Bxc5 12. Nb3 Bxf2+ 13. Kxf2 Qb6+ 14. Nbd4
e5 15. Rxe5 Ng4+ 16. Kg1 Ngxe5 17. Nxe5 Nxe5 18. Bxh7+ Kxh7 19. Qh5+ Kg8 20.
Qxe5 Bg4 21. Qxd5+ Kh8 22. Qg5 Rae8 23. Bf4 Qxb2 24. Rf1 Qxc3 25. Nb5 Qf6 26.
Qc5 Be2 27. Rf2 Bxb5 28. Qh5+ Kg8 29. Qd5+ Qf7 30. Qxb5 Re1+ 0-1

[Event "16th Dubai Open 2014"]
[Site "Dubai UAE"]
[Date "2014.04.09"]
[Round "3.34"]
[White "Georgiadis, Nico"]
[Black "Al-Subaihi, Khalil"]
[Result "1-0"]
[WhiteElo "2421"]
[BlackElo "2099"]
[PlyCount "47"]
[EventDate "2014.04.07"]

1. e4 d5 2. exd5 Nf6 3. d4 Nxd5 4. c4 Nb6 5. Nf3 Bg4 6. c5 Bxf3 7. Qxf3 Nd5 8.
Bg5 c6 9. Bc4 Qa5+ 10. Nc3 Nf6 11. Bxf6 gxf6 12. Qh5 Nd7 13. Qxf7+ Kd8 14. O-O
Qc7 15. Rad1 Qf4 16. Rfe1 Kc7 17. d5 Rd8 18. dxc6 bxc6 19. Re4 Qg5 20. Red4
Qxc5 21. Be6 Qxd4 22. Rxd4 Ne5 23. Rxd8 Nxf7 24. Rd7+ 1-0

[Event "16th Dubai Open 2014"]
[Site "Dubai UAE"]
[Date "2014.04.09"]
[Round "3.35"]
[White "Jacobson, Erik"]
[Black "Kanter, Eduard"]
[Result "0-1"]
[WhiteElo "2056"]
[BlackElo "2406"]
[PlyCount "68"]
[EventDate "2014.04.07"]

1. e4 c5 2. Nf3 d6 3. d4 cxd4 4. Nxd4 Nf6 5. Nc3 g6 6. Be3 Bg7 7. f3 Nc6 8. Bc4
O-O 9. Qd2 Bd7 10. Bb3 Na5 11. h4 h5 12. O-O-O Nxb3+ 13. cxb3 Qa5 14. Kb1 Rfc8
15. Bh6 Kh7 16. Bxg7 Kxg7 17. g4 hxg4 18. h5 Rh8 19. hxg6 fxg6 20. f4 Rxh1 21.
Rxh1 Rh8 22. Rxh8 Kxh8 23. e5 dxe5 24. Qh2+ Nh5 25. fxe5 g3 26. Qd2 Qxe5 27.
Qh6+ Kg8 28. Qxg6+ Ng7 29. Nce2 Qxe2 30. Nxe2 Bf5+ 31. Qxf5 Nxf5 32. Kc2 Kf7
33. Kd3 Kf6 34. Ke4 Kg5 0-1

[Event "16th Dubai Open 2014"]
[Site "Dubai UAE"]
[Date "2014.04.09"]
[Round "3.36"]
[White "Das, Sayantan"]
[Black "Alattar, Rakan"]
[Result "1-0"]
[WhiteElo "2371"]
[BlackElo "2059"]
[PlyCount "59"]
[EventDate "2014.04.07"]

1. e4 c5 2. Nc3 Nc6 3. f4 d6 4. Bb5 Bd7 5. Nf3 g6 6. O-O Bg7 7. d3 Nf6 8. Bxc6
Bxc6 9. Qe1 O-O 10. f5 Qd7 11. Qh4 b5 12. Bh6 e6 13. Bg5 Qe7 14. fxg6 fxg6 15.
e5 dxe5 16. Nxe5 Bxg2 17. Kxg2 Qb7+ 18. Nf3 b4 19. Bxf6 Bxf6 20. Qe4 Qd7 21.
Nd1 Qd6 22. Ne3 Rae8 23. Nc4 Qd5 24. Rae1 Qh5 25. h3 Kh8 26. Qc6 Qd5 27. Qxd5
exd5 28. Nce5 Kg7 29. Nd7 Rxe1 30. Nxe1 1-0

[Event "16th Dubai Open 2014"]
[Site "Dubai UAE"]
[Date "2014.04.09"]
[Round "3.37"]
[White "Al Yaghshi, M. Hisham"]
[Black "Nezad, Husein Aziz"]
[Result "0-1"]
[WhiteElo "2037"]
[BlackElo "2366"]
[PlyCount "95"]
[EventDate "2014.04.07"]

1. d4 d5 2. c4 e6 3. Nc3 c6 4. e3 Bd6 5. Nf3 f5 6. Qc2 Nf6 7. b3 O-O 8. Bb2 Qe7
9. g3 Nbd7 10. Bg2 b6 11. O-O Ba6 12. Ne2 Rac8 13. Nd2 c5 14. Rfe1 Ne4 15. Nf4
cxd4 16. Nxe4 dxe4 17. exd4 b5 18. f3 Bxf4 19. gxf4 exf3 20. Bxf3 bxc4 21. Bd5
Nc5 22. Ba3 Qd7 23. bxc4 exd5 24. Bxc5 Rf6 25. Re7 Qc6 26. h3 dxc4 27. Kh2 Qf3
28. Qg2 Qxf4+ 29. Kh1 Rg6 30. Qd5+ Kh8 31. Rae1 Bb5 32. Bd6 Rxd6 33. Qxb5 Qf3+
34. Kh2 Qf4+ 35. Kh1 h6 36. Rxg7 Kxg7 37. Qb7+ Kg6 38. Rg1+ Kh5 39. Qxc8 Qf3+
40. Kh2 Qf2+ 41. Kh1 Qf3+ 42. Kh2 Qf4+ 43. Kh1 Qe4+ 44. Kh2 Rxd4 45. Rg5+ Kxg5
46. Qg8+ Kf6 47. Qf8+ Ke5 48. Qe7+ 0-1

[Event "16th Dubai Open 2014"]
[Site "Dubai UAE"]
[Date "2014.04.09"]
[Round "3.38"]
[White "Ekdyshman, Mikhail"]
[Black "Abo-Hazeem, Mohanned"]
[Result "1-0"]
[WhiteElo "2365"]
[BlackElo "2058"]
[PlyCount "47"]
[EventDate "2014.04.07"]

1. e4 c5 2. Nf3 Nc6 3. d4 cxd4 4. Nxd4 e5 5. Nb5 d6 6. c4 Be6 7. N1c3 a6 8. Na3
Rc8 9. Bd3 Be7 10. O-O Bg5 11. Nd5 Bxc1 12. Rxc1 Nf6 13. b4 O-O 14. Nc2 Bxd5
15. exd5 Ne7 16. Ne3 Nd7 17. c5 dxc5 18. d6 Ng6 19. Bxg6 hxg6 20. Nd5 c4 21.
Ne7+ Kh8 22. Rc3 Nf6 23. Rh3+ Nh7 24. Qg4 1-0

[Event "16th Dubai Open 2014"]
[Site "Dubai UAE"]
[Date "2014.04.09"]
[Round "3.39"]
[White "Harshal, Shahi"]
[Black "Krishna, C.R.G."]
[Result "1-0"]
[WhiteElo "2020"]
[BlackElo "2343"]
[PlyCount "81"]
[EventDate "2014.04.07"]

1. e4 e6 2. d4 d5 3. Nd2 Nf6 4. e5 Nfd7 5. f4 c5 6. c3 Nc6 7. Ndf3 cxd4 8. cxd4
f5 9. Bd3 Be7 10. Ne2 Nb6 11. a3 a5 12. b3 Bd7 13. O-O Rc8 14. Kh1 a4 15. b4
Na7 16. Rg1 O-O 17. g4 fxg4 18. Rxg4 Bb5 19. Ng5 Bxg5 20. Rxg5 Qc7 21. f5 Bxd3
22. Qxd3 Qc2 23. Qg3 Rc7 24. f6 g6 25. Qg2 Nb5 26. Be3 Nc4 27. Bg1 Kf7 28. Rg4
Rg8 29. Rc1 Qd2 30. Qf3 Rcc8 31. Qh3 h5 32. Rg2 Qh6 33. Qd3 g5 34. Be3 Qg6 35.
Qxg6+ Rxg6 36. Bxg5 Rgg8 37. Rcg1 Ncxa3 38. Bc1 Nc2 39. Rg7+ Rxg7 40. Rxg7+ Kf8
41. Bh6 1-0

[Event "16th Dubai Open 2014"]
[Site "Dubai UAE"]
[Date "2014.04.10"]
[Round "4.1"]
[White "Edouard, Romain"]
[Black "Bachmann, Axel"]
[Result "1/2-1/2"]
[WhiteElo "2670"]
[BlackElo "2598"]
[PlyCount "106"]
[EventDate "2014.04.07"]

1. d4 d5 2. c4 c6 3. Nf3 e6 4. Nc3 dxc4 5. a4 Bb4 6. e3 b5 7. Bd2 a5 8. axb5
Bxc3 9. Bxc3 cxb5 10. b3 Bb7 11. bxc4 b4 12. Bb2 Nf6 13. c5 O-O 14. Bb5 Bc6 15.
Ba4 Bxa4 16. Qxa4 Qd5 17. O-O Nc6 18. Rfd1 Ne4 19. Ne1 f5 20. f3 Nf6 21. Nd3
Qd7 22. d5 Nxd5 23. e4 fxe4 24. fxe4 Nde7 25. Nxb4 Qb7 26. Nxc6 Nxc6 27. Rab1
Rab8 28. Bxg7 Qxb1 29. Bxf8 Qb5 30. Qxb5 Rxb5 31. Bh6 Kf7 32. Rd7+ Kg6 33. Bf8
a4 34. Rc7 a3 35. Rxc6 a2 36. Rxe6+ Kf7 37. Ra6 Rb1+ 38. Kf2 a1=Q 39. Rxa1 Rxa1
40. Bd6 Ke6 41. g4 Ra2+ 42. Kg3 Ra3+ 43. Kh4 Re3 44. e5 Rc3 45. Kg5 Rh3 46. c6
Rxh2 47. c7 Rc2 48. Kh6 Kf7 49. Kh5 Ke6 50. Kg5 Rc1 51. Kf4 Rc4+ 52. Ke3 Kd5
53. Kd3 Rc6 1/2-1/2

[Event "16th Dubai Open 2014"]
[Site "Dubai UAE"]
[Date "2014.04.10"]
[Round "4.2"]
[White "Ismagambetov, Anuar"]
[Black "Iturrizaga Bonelli, Eduardo"]
[Result "1/2-1/2"]
[WhiteElo "2493"]
[BlackElo "2635"]
[PlyCount "98"]
[EventDate "2014.04.07"]

1. e4 c5 2. Nf3 e6 3. d4 cxd4 4. Nxd4 Nc6 5. Nc3 Qc7 6. Be3 a6 7. Qd2 Nf6 8.
O-O-O Be7 9. f3 b5 10. g4 Nxd4 11. Bxd4 b4 12. Na4 Rb8 13. Kb1 O-O 14. h4 e5
15. Bf2 d5 16. g5 Nh5 17. exd5 Rd8 18. b3 Nf4 19. Bc4 Bf5 20. Rhe1 h6 21. Qe3
Bd6 22. gxh6 g6 23. h5 Nxh5 24. Rh1 Kh7 25. Nc5 Nf4 26. Ne4 Bxe4 27. fxe4 a5
28. Rc1 Qd7 29. Qa7 Bc7 30. Rcd1 Ra8 31. Qb7 Bd6 32. Qxd7 Rxd7 33. Bb5 Rc7 34.
Bc6 Rb8 35. Rd2 f6 36. Be3 g5 37. a3 Kg6 38. Ka2 Rh7 39. Rdh2 f5 40. Ba7 Rbh8
41. Bb6 fxe4 42. Bxa5 Ra7 43. Bb6 Rxa3+ 44. Kb2 Ra6 45. h7 Bf8 46. Be8+ Kf5 47.
Bd7+ Kg6 48. Be8+ Kf5 49. Bd7+ Kg6 1/2-1/2

[Event "16th Dubai Open 2014"]
[Site "Dubai UAE"]
[Date "2014.04.10"]
[Round "4.3"]
[White "Al-Hadarani, Hatim"]
[Black "Gupta, Abhijeet"]
[Result "0-1"]
[WhiteElo "2249"]
[BlackElo "2630"]
[PlyCount "96"]
[EventDate "2014.04.07"]

1. Nf3 Nf6 2. d4 g6 3. e3 Bg7 4. Bd3 O-O 5. O-O d5 6. Nbd2 Nbd7 7. h3 c5 8. c3
Qc7 9. b3 b6 10. Bb2 Bb7 11. Rc1 Rad8 12. c4 Qb8 13. Qe2 e6 14. dxc5 Nxc5 15.
Be5 Qa8 16. Bb1 Rfe8 17. Rfd1 Ncd7 18. Bd6 a6 19. b4 e5 20. cxd5 Nxd5 21. e4
Nf4 22. Qe3 b5 23. Kh2 Bh6 24. g4 Nf6 25. g5 Bxg5 26. Nxg5 Rxd6 27. Rc7 Rd7 28.
Rxd7 Nxd7 29. Ndf3 Bc6 30. Nxe5 Nxe5 31. Qxf4 h6 32. Nf3 Nxf3+ 33. Qxf3 Bxe4
34. Bxe4 Qxe4 35. Qxe4 Rxe4 36. a3 Kg7 37. Kg3 Kf6 38. Rd6+ Re6 39. Rd5 Rc6 40.
f3 Ke6 41. Rd3 g5 42. h4 Rc4 43. hxg5 hxg5 44. Re3+ Kd5 45. Rd3+ Ke5 46. Kh3
Kf4 47. Rd6 Kxf3 48. Rd3+ Kf4 0-1

[Event "16th Dubai Open 2014"]
[Site "Dubai UAE"]
[Date "2014.04.10"]
[Round "4.5"]
[White "Lalith, Babu M.R"]
[Black "Akopian, Vladimir"]
[Result "1/2-1/2"]
[WhiteElo "2594"]
[BlackElo "2674"]
[PlyCount "107"]
[EventDate "2014.04.07"]

1. d4 d5 2. Nf3 Nf6 3. c4 c6 4. Nc3 dxc4 5. a4 Bf5 6. Ne5 Nbd7 7. Nxc4 Nb6 8.
Ne5 a5 9. f3 Nfd7 10. e4 Nxe5 11. exf5 Ned7 12. Qb3 g6 13. Be3 Bg7 14. Rd1 Nf6
15. d5 Nfxd5 16. Nxd5 Nxd5 17. Bc4 O-O 18. Bxd5 cxd5 19. Rxd5 Qc7 20. O-O Ra6
21. Rb5 gxf5 22. Rxb7 Qe5 23. Re1 Rh6 24. g3 f4 25. Rb5 Qe6 26. Qxe6 Rxe6 27.
Bf2 fxg3 28. hxg3 Rc8 29. Rxe6 fxe6 30. Kf1 Rc1+ 31. Be1 Ra1 32. Rxa5 Bxb2 33.
Ra8+ Kf7 34. Ke2 e5 35. Bb4 Bd4 36. a5 Ra4 37. Rb8 Ke6 38. Kd3 Kd5 39. Rd8+ Kc6
40. Kc4 Ra1 41. Rc8+ Kd7 42. Rh8 Rc1+ 43. Kd3 Rd1+ 44. Ke4 Bf2 45. Bc3 Bxg3 46.
a6 Bf2 47. Rb8 Kc6 48. Rb7 Rd7 49. Rb3 Ra7 50. Ra3 Kb5 51. Ra5+ Kb6 52. Rxe5
Kxa6 53. Bb4 Bh4 54. Ra5+ 1/2-1/2

[Event "16th Dubai Open 2014"]
[Site "Dubai UAE"]
[Date "2014.04.10"]
[Round "4.6"]
[White "Brkic, Ante"]
[Black "Istratescu, Andrei"]
[Result "1/2-1/2"]
[WhiteElo "2568"]
[BlackElo "2667"]
[PlyCount "61"]
[EventDate "2014.04.07"]

1. e4 e5 2. Nf3 Nc6 3. Bb5 Nf6 4. O-O Nxe4 5. Re1 Nd6 6. Nxe5 Be7 7. Bf1 Nxe5
8. Rxe5 O-O 9. d4 Bf6 10. Re1 Re8 11. c3 Rxe1 12. Qxe1 Ne8 13. Bf4 d5 14. Bd3
g6 15. Nd2 Ng7 16. Nf3 Bf5 17. Bxf5 Nxf5 18. Qe2 c6 19. Re1 Ng7 20. Be5 Ne6 21.
Bxf6 Qxf6 22. Ne5 Re8 23. Ng4 Qd8 24. Qe5 Ng7 25. Qxe8+ Nxe8 26. Rxe8+ Qxe8 27.
Nf6+ Kf8 28. Nxe8 Kxe8 29. f4 f5 30. Kf2 Ke7 31. b4 1/2-1/2

[Event "16th Dubai Open 2014"]
[Site "Dubai UAE"]
[Date "2014.04.10"]
[Round "4.7"]
[White "Lupulescu, Constantin"]
[Black "Rahman, Ziaur"]
[Result "1-0"]
[WhiteElo "2660"]
[BlackElo "2513"]
[PlyCount "72"]
[EventDate "2014.04.07"]

1. d4 e6 2. c4 f5 3. g3 Nf6 4. Bg2 Be7 5. Nf3 O-O 6. O-O d6 7. Nc3 a5 8. Qc2
Nc6 9. Rd1 Qe8 10. a3 e5 11. dxe5 dxe5 12. Nd5 Bd8 13. Bg5 Qf7 14. Be3 e4 15.
Ng5 Qg6 16. Nh3 Ng4 17. Bc5 Re8 18. f3 b6 19. Bxb6 cxb6 20. Nhf4 Qh6 21. fxg4
g5 22. Nh3 fxg4 23. Nf2 Qg7 24. Bxe4 Nd4 25. Qd3 Ne6 26. Bg2 Ra7 27. e3 Rf8 28.
Ne4 Ba6 29. b4 axb4 30. axb4 Kh8 31. Qc3 Qxc3 32. Ndxc3 Rff7 33. b5 Bc8 34. Nd6
Rxa1 35. Nxf7+ Kg7 36. Rxa1 Kxf7 1-0

[Event "16th Dubai Open 2014"]
[Site "Dubai UAE"]
[Date "2014.04.10"]
[Round "4.8"]
[White "Balogh, Csaba"]
[Black "Ghosh, Diptayan"]
[Result "1/2-1/2"]
[WhiteElo "2656"]
[BlackElo "2485"]
[PlyCount "57"]
[EventDate "2014.04.07"]

1. e4 e5 2. Nf3 Nc6 3. Bb5 a6 4. Ba4 Nf6 5. O-O Be7 6. d3 d6 7. c3 O-O 8. Nbd2
Nd7 9. d4 exd4 10. cxd4 Nb6 11. Bxc6 bxc6 12. Qc2 Qe8 13. b3 a5 14. Bb2 a4 15.
Rac1 axb3 16. axb3 f5 17. e5 Bb7 18. Rfe1 Nd5 19. Nc4 Qg6 20. Qd2 Ra6 21. Bc3
f4 22. Ba5 Bc8 23. Kh1 Bf5 24. b4 Kh8 25. Qe2 Bd3 26. Qd1 Bf5 27. Qe2 Bd3 28.
Qd1 Bf5 29. Qe2 1/2-1/2

[Event "16th Dubai Open 2014"]
[Site "Dubai UAE"]
[Date "2014.04.10"]
[Round "4.9"]
[White "Rakhmanov, Aleksandr"]
[Black "Shyam, Sundar M"]
[Result "1/2-1/2"]
[WhiteElo "2610"]
[BlackElo "2481"]
[PlyCount "102"]
[EventDate "2014.04.07"]

1. c4 e5 2. Nf3 e4 3. Nd4 Nc6 4. Nc2 d5 5. cxd5 Qxd5 6. Nc3 Qe5 7. d4 exd3 8.
Qxd3 Nf6 9. e4 Nb4 10. Nxb4 Bxb4 11. Qb5+ Qxb5 12. Bxb5+ Bd7 13. Bd3 O-O-O 14.
f3 Be6 15. Be2 Nd7 16. Be3 Nc5 17. O-O Nd3 18. Nd5 Bc5 19. Bxc5 Nxc5 20. Rfc1
Bxd5 21. Rxc5 Be6 22. Rc2 f5 23. Kf2 fxe4 24. fxe4 Rd4 25. Ke3 Rb4 26. Rac1 c6
27. a3 Rb3+ 28. Bd3 Kc7 29. Rd2 Kd6 30. Kd4 Rd8 31. Rc3 Ke7+ 32. Ke3 Rxc3 33.
bxc3 Kf6 34. Rb2 b6 35. Rf2+ Ke5 36. Be2 c5 37. h4 c4 38. Rf1 b5 39. Rb1 a6 40.
Rb2 Bf7 41. a4 Rb8 42. Rb1 Be6 43. Rb2 Bf7 44. Rb1 Bg6 45. Bf3 Be8 46. Be2 Bg6
47. axb5 Bxe4 48. Rb4 axb5 49. Bxc4 Bxg2 50. Bxb5 Rc8 51. Rc4 Rxc4 1/2-1/2

[Event "16th Dubai Open 2014"]
[Site "Dubai UAE"]
[Date "2014.04.10"]
[Round "4.10"]
[White "Jankovic, Alojzije"]
[Black "Stevic, Hrvoje"]
[Result "1/2-1/2"]
[WhiteElo "2554"]
[BlackElo "2607"]
[PlyCount "61"]
[EventDate "2014.04.07"]

1. d4 d5 2. c4 dxc4 3. Nf3 a6 4. e3 b5 5. a4 Bb7 6. b3 e6 7. axb5 axb5 8. Rxa8
Bxa8 9. bxc4 bxc4 10. Bxc4 Nf6 11. O-O Nbd7 12. Bb2 Be7 13. Nbd2 O-O 14. Qe2 c5
15. dxc5 Nxc5 16. Bd4 Bd5 17. h3 Nce4 18. Bxd5 Qxd5 19. Bxf6 Bxf6 20. Nxe4 Qxe4
21. Rd1 h6 22. Qd3 Qxd3 23. Rxd3 Rd8 24. Rxd8+ Bxd8 25. g4 Kf8 26. Kf1 Bf6 27.
Ke2 Ke7 28. Kd3 g6 29. Ke4 Kd6 30. Nd2 Bg7 31. Nc4+ 1/2-1/2

[Event "16th Dubai Open 2014"]
[Site "Dubai UAE"]
[Date "2014.04.10"]
[Round "4.11"]
[White "Andriasian, Zaven"]
[Black "Debashis, Das"]
[Result "1-0"]
[WhiteElo "2603"]
[BlackElo "2504"]
[PlyCount "125"]
[EventDate "2014.04.07"]

1. Nf3 d5 2. g3 Nf6 3. Bg2 c6 4. c4 Bg4 5. O-O e6 6. d3 Be7 7. Qb3 Qb6 8. Qc2
Nbd7 9. Nc3 O-O 10. Bf4 Qa6 11. cxd5 cxd5 12. h3 Bh5 13. e4 Rac8 14. e5 Ne8 15.
d4 Nc7 16. Rfc1 Nb8 17. Qd2 Nc6 18. g4 Bg6 19. Bf1 Qa5 20. a3 Na8 21. h4 Qd8
22. h5 Be4 23. Ng5 Nb6 24. Ngxe4 dxe4 25. Nxe4 Qxd4 26. Qxd4 Nxd4 27. Rxc8 Rxc8
28. Rd1 Nc6 29. g5 Nd5 30. Bg3 Nb8 31. h6 Rc2 32. hxg7 Rxb2 33. Nf6+ Kxg7 34.
Rd4 Nc6 35. Rh4 Rb1 36. Kg2 Rxf1 37. Kxf1 Kg6 38. a4 h5 39. gxh6 Bxf6 40. exf6
Nxf6 41. Bf4 Kh7 42. Rh3 a6 43. Bc1 Ne7 44. a5 Ne4 45. Rb3 Nd6 46. Bf4 Nb5 47.
Bd2 Nf5 48. Rd3 Nbd4 49. Rc3 Nc6 50. Rb3 Nd6 51. Ke1 Nd4 52. Rd3 e5 53. Rg3
N6f5 54. Rc3 Nc6 55. Rb3 Nd6 56. Rb6 Kg6 57. Bb4 Nb5 58. Bf8 Nc7 59. Rxb7 Ne6
60. Bb4 Kxh6 61. Bd2+ Kg6 62. Rb6 Ncd4 63. Rxa6 1-0